The Economics of Town and Country Planning

Salvato in:
Dettagli Bibliografici
Autore principale: Willis (Autore)
Natura: Libro
Lingua:inglese
Pubblicazione: London : Granada, 1980
Edizione:1. vyd.
Soggetti:
Tags: Aggiungi Tag
Nessun Tag, puoi essere il primo ad aggiungerne!!

MARC

LEADER 00000nam a22000003a 4500
001 stu10883
005 20150617225801.6
008 950123s1980----uk------------------eng-d
040 |a STU  |b slo 
041 0 |a eng 
044 |a uk 
100 1 |a Willis  |4 aut 
245 1 |a The Economics of Town and Country Planning 
250 |a 1. vyd. 
260 |a London :  |b Granada,  |c 1980 
300 |a 281 s 
650 7 |a urbanizmus  |2 stusub 
650 7 |a plánovanie územné  |2 stusub 
650 7 |a urbanistická ekonómia  |2 stusub 
650 7 |a územný manažment  |2 stusub 
996 |b 284AU01113  |c A*770 U  |l AAKNAR  |s A  |a 24  |w stu10883_0001